| 000 | 00604nam a2200145 a 4500 | ||
|---|---|---|---|
| 008 | 100225s2001 ||||||||||||||||| || u | ||
| 050 | _aUN-ECA(02) | ||
| 110 | _aUnited Nations Economic Commission For Africa(UNECA) | ||
| 245 | 1 | 0 | _aAfrica and the World Trade Organisation (WTO): Doha and beyond |
| 260 |
_aAddis Ababa _bUNITED NATIONS _c2001 |
||
| 300 | _avi, 46p. ;ill | ||
| 350 | _a0.00 | ||
| 650 | _aWORLD TRADE ORGANIZATION--AFRICA | ||
| 995 |
_D0.00 _FCBU-MAIN LIBRARY (Kitwe) _H1 _I0.00 _M1 _UAVAILABLE _WMar 2, 2010 _ZInternational Publications |
||
| 999 |
_c33672 _d33672 |
||